[Event "AUTO-ADV-1805"]
[Site "http://www.queenalice.com/game.php?id=932997"]
[Date "2011.5.2"]
[Round "2"]
[White "zemorais"]
[Black "vininb"]
[Result "0-1"]
[WhiteElo "1844"]
[BlackElo "1795"]

1. e4 e5 2. Nf3 Nc6 3. Bb5 a6 4. Ba4 Nf6 5. d3 Be7 6. c3 b5 7. Bc2 O-O 8. Nbd2
Bb7 9. O-O h6 10. Re1 Na7 11. Nxe5 a5 12. a4 c6 13. d4 b4 14. c4 c5 15. d5 Bd6
16. Ndf3 Qc7 17. Bf4 Nh5 18. Be3 Bxe5 19. Nxe5 Qxe5 20. b3 Nf6 21. Bxc5 d6 22.
Bd4 Qf4 23. f3 Nd7 24. g3 Qg5 25. f4 Qe7 26. Qg4 Nf6 27. Bxf6 Qxf6 28. Rac1 Bc8
29. f5 g6 30. Rf1 Qe5 31. fxg6 Bxg4 32. Rf4 Bh3 33. gxf7+ Rxf7 34. Rh4 Raf8 35.
Rxh3 Qd4+ 36. Kh1 Rf1+ 37. Rxf1 Rxf1+ 38. Kg2 Qf2# 0-1

[Event "AUTO-ADV-1805"]
[Site "http://www.queenalice.com/game.php?id=933002"]
[Date "2011.5.2"]
[Round "2"]
[White "zemorais"]
[Black "Artking"]
[Result "0-1"]
[WhiteElo "1831"]
[BlackElo "1868"]

1. e4 c5 2. Nf3 a6 3. d4 e6 4. d5 d6 5. dxe6 fxe6 6. Bd3 Be7 7. Bf4 Nf6 8. Nbd2
Nc6 9. a3 O-O 10. Nc4 b5 11. Ncd2 Qb6 12. O-O c4 13. Be2 Bb7 14. Ng5 e5 15. Be3
Nd4 16. Bxd4 exd4 17. Ndf3 Nxe4 18. Nxe4 Bxe4 19. Nxd4 Rf6 20. c3 Raf8 21. h3
Bb7 22. Bg4 Kh8 23. Qe2 Qc7 24. Ne6 Qc6 25. f3 Re8 26. Nd4 Qb6 27. Rae1 Bc6 28.
Kh1 Ba8 29. Qf2 Bd5 30. Re2 Rff8 31. Rd2 Bg8 32. Qg3 Bg5 33. Rdf2 d5 34. f4 Bd8
35. Bd7 Re4 36. Nf5 Bf6 37. Qg4 Rd8 38. Nd4 g6 39. Re2 Qd6 40. Rxe4 dxe4 41. Bc6
Bxd4 42. Bxe4 Bg7 43. f5 gxf5 44. Bxf5 Bd5 45. Rd1 Bxg2+ 46. Kxg2 Qxd1 47. Qxd1
Rxd1 0-1

[Event "AUTO-ADV-1805"]
[Site "http://www.queenalice.com/game.php?id=933003"]
[Date "2011.5.2"]
[Round "2"]
[White "Artking"]
[Black "zemorais"]
[Result "1-0"]
[WhiteElo "1876"]
[BlackElo "1844"]

1. d4 d5 2. c4 Nf6 3. Bg5 e6 4. Nc3 dxc4 5. e4 Be7 6. Bxc4 O-O 7. f4 h6 8. Bh4
Nc6 9. Nf3 a6 10. a4 Bb4 11. O-O Be7 12. e5 Nd7 13. Be1 Nb6 14. Bb3 Nd5 15. Nxd5
exd5 16. Bc2 Nb4 17. Bxb4 Bxb4 18. Qd3 g6 19. Rac1 Bf5 20. Qb3 Bxc2 21. Rxc2 a5
22. g4 c6 23. Qe3 Kg7 24. f5 g5 25. f6+ Kg8 26. Nxg5 Kh8 27. Qh3 Rg8 28. Qxh6#
1-0

[Event "AUTO-ADV-1994"]
[Site "http://www.queenalice.com/game.php?id=935576"]
[Date "2011.5.8"]
[Round "2"]
[White "Blutigeroo"]
[Black "zemorais"]
[Result "1-0"]
[WhiteElo "1794"]
[BlackElo "1882"]

1. f3 e5 2. Kf2 Nf6 3. e3 Bc5 4. c3 O-O 5. d4 exd4 6. cxd4 Bb6 7. Bd3 d5 8. h4
c6 9. g4 h6 10. g5 Nh7 11. gxh6 gxh6 12. Ne2 Kh8 13. Nf4 Rg8 14. Nd2 Nf6 15. Qc2
Rg7 16. b3 Bc7 17. Ne2 Nh5 18. Bb2 Qg8 19. Rag1 Ng3 20. Nxg3 Bxg3+ 21. Kf1 Nd7
22. Qb1 Nf6 23. Ne4 dxe4 24. d5 exd3 25. Bxf6 Bf5 26. Rxg3 Kh7 27. Rxg7+ Qxg7
28. Bxg7 Kxg7 29. e4 Bh7 30. Qxd3 Rd8 31. Qc3+ f6 32. dxc6 bxc6 33. Rg1+ Kf7 34.
Qc4+ Kf8 35. Ke2 Re8 36. Qxc6 1-0

[Event "AUTO-ADV-1994"]
[Site "http://www.queenalice.com/game.php?id=935577"]
[Date "2011.5.8"]
[Round "2"]
[White "zemorais"]
[Black "Blutigeroo"]
[Result "0-1"]
[WhiteElo "1862"]
[BlackElo "1814"]

1. e4 e6 2. d4 d5 3. e5 Nc6 4. c3 b6 5. Nf3 Bb7 6. Bb5 Qd7 7. O-O O-O-O 8. Bg5
Be7 9. Nbd2 h6 10. Bxe7 Qxe7 11. Qe2 Nb8 12. a4 f5 13. exf6 Nxf6 14. Ne5 g5 15.
Ng6 Qd6 16. Nxh8 Rxh8 17. Nf3 Ne4 18. Ne5 Rf8 19. f3 Nf6 20. a5 a6 21. Ba4 b5
22. Bc2 Nbd7 23. Ng6 Re8 24. Ne5 h5 25. Bg6 Re7 26. Rae1 Nf8 27. Bc2 Kb8 28. Qe3
N8h7 29. Bxh7 Nxh7 30. b4 Bc8 31. f4 g4 32. Ng6 Rf7 33. g3 Nf6 34. Ne5 Rh7 35.
Qd3 Ne4 36. f5 exf5 37. Qe3 h4 38. Rf4 hxg3 39. hxg3 Qh6 40. Rxe4 Qh1+ 41. Kf2
Rh2# 0-1

[Event "AUTO-OPEN-1942"]
[Site "http://www.queenalice.com/game.php?id=938595"]
[Date "2011.5.16"]
[Round "3"]
[White "robledo"]
[Black "zemorais"]
[Result "1-0"]
[WhiteElo "2459"]
[BlackElo "1795"]

1. e4 e5 2. f4 exf4 3. Nf3 d6 4. d4 Bg4 5. Bxf4 Nf6 6. h3 Bh5 7. Qe2 Be7 8. Nc3
O-O 9. O-O-O Nc6 10. g4 Bg6 11. e5 dxe5 12. dxe5 Nd7 13. h4 f6 14. e6 Bd6 15.
Bxd6 cxd6 16. Rxd6 1-0

[Event "AUTO-OPEN-1942"]
[Site "http://www.queenalice.com/game.php?id=938596"]
[Date "2011.5.16"]
[Round "3"]
[White "zemorais"]
[Black "robledo"]
[Result "0-1"]
[WhiteElo "1817"]
[BlackElo "2463"]

1. e4 c5 2. Nf3 d6 3. Nc3 e5 4. Nd5 Nf6 5. d3 Nxd5 6. exd5 Be7 7. c4 b5 8. b3
O-O 9. Be2 Bf5 10. O-O Nd7 11. a4 bxc4 12. bxc4 Nb8 13. Re1 Na6 14. Ba3 Nb4 15.
Bxb4 cxb4 16. Rb1 Rb8 17. Rb3 h6 18. Nd2 Qc8 19. Ne4 Qc7 20. Bg4 Bxg4 0-1

[Event "AUTO-INT-1889"]
[Site "http://www.queenalice.com/game.php?id=941262"]
[Date "2011.5.22"]
[Round "2"]
[White "Gera10"]
[Black "zemorais"]
[Result "1-0"]
[WhiteElo "1578"]
[BlackElo "1826"]

1. e4 c5 2. Nf3 d6 3. Bc4 Bg4 4. Nc3 e6 5. d3 a6 6. h3 Bxf3 7. Qxf3 Nf6 8. Bg5
Be7 9. Bxf6 Bxf6 10. O-O b5 11. e5 Ra7 12. exf6 gxf6 13. Bb3 d5 14. a4 b4 15.
Ne2 Ke7 16. Nf4 Qd6 17. c4 e5 18. Nxd5+ Ke6 19. Qxf6+ Kd7 20. Qxh8 Nc6 21. Nf6+
Kc7 22. Ne8+ 1-0

[Event "AUTO-INT-1889"]
[Site "http://www.queenalice.com/game.php?id=941263"]
[Date "2011.5.22"]
[Round "2"]
[White "zemorais"]
[Black "Gera10"]
[Result "0-1"]
[WhiteElo "1820"]
[BlackElo "1604"]

1. e4 e5 2. Nf3 Nc6 3. Bc4 Qf6 4. d3 Be7 5. Bg5 Qd6 6. Bxe7 Qxe7 7. Nc3 Nh6 8.
Nd5 Qd6 9. Ng5 O-O 10. Qd2 b6 11. O-O-O a6 12. a4 b5 13. Ba2 Bb7 14. a5 Ne7 15.
b4 Bxd5 16. Bxd5 Nxd5 17. c3 Nf4 18. g3 Ne6 19. Nxe6 Qxe6 20. f4 exf4 21. Qxf4
d6 22. Rhe1 c5 23. e5 Qb3 24. Qd2 cxb4 25. cxb4 dxe5 26. Rxe5 Rfc8+ 27. Rc5
Rxc5+ 28. bxc5 Ng4 29. Qg2 Rd8 30. d4 Ne3 31. Qd2 Nxd1 32. Qxd1 Qb4 33. c6 Qxa5
34. d5 Qa1+ 35. Kc2 b4 36. Qd3 a5 37. Qb5 Qa2+ 38. Kd3 Rxd5+ 39. Qxd5 Qxd5+ 0-1

[Event "AUTO-OPEN-2215"]
[Site "http://www.queenalice.com/game.php?id=943634"]
[Date "2011.5.28"]
[Round "2"]
[White "Spessatto"]
[Black "zemorais"]
[Result "0-1"]
[WhiteElo "1796"]
[BlackElo "1829"]

1. d4 d5 2. Nf3 Nc6 3. Bf4 f6 4. a3 Bg4 5. Nbd2 g5 6. Bg3 h5 7. h3 Be6 8. Nb3 h4
9. Bh2 Qd7 10. Nc5 Qd6 11. Nxb7 Qd7 12. Nc5 Qc8 13. Nxe6 Qxe6 14. Bxc7 Qd7 15.
Bh2 e6 16. e3 Bd6 17. c3 Nge7 18. Bb5 Bxh2 19. Nxh2 Qb7 20. Qd3 Kf7 21. O-O a6
22. Ba4 Na5 23. b4 Nc4 24. Qe2 a5 25. Bc2 axb4 26. cxb4 Nf5 27. Ng4 Nfd6 28. Qf3
f5 29. Nh2 Nd2 30. Qe2 Nxf1 31. Rxf1 Nc4 32. Ra1 Nxa3 33. Bd3 Qxb4 34. Qf3 Qc3
35. Qd1 Ra5 36. Rc1 Qb4 37. Rc7+ Kf6 38. Qf3 Qe1+ 39. Nf1 Nc4 40. Bxc4 dxc4 41.
Qb7 Ra1 42. Rf7+ Kg6 43. Rg7+ Kh6 0-1

[Event "AUTO-OPEN-2215"]
[Site "http://www.queenalice.com/game.php?id=943635"]
[Date "2011.5.28"]
[Round "2"]
[White "zemorais"]
[Black "Spessatto"]
[Result "1-0"]
[WhiteElo "1816"]
[BlackElo "1786"]

1. e4 e5 2. Nf3 Nc6 3. Bb5 Nge7 4. O-O a6 5. Bc4 Ng6 6. d3 Na5 7. Bb3 Nxb3 8.
axb3 Bc5 9. c3 d6 10. b4 Ba7 11. Bg5 Ne7 12. h3 Be6 13. c4 O-O 14. b3 f6 15. Be3
Bxe3 16. fxe3 b5 17. Nc3 Nc6 18. Na2 Qe8 19. d4 Ne7 20. d5 Bf7 21. Nh4 Ng6 22.
Nf5 Qd7 23. c5 c6 24. Nxd6 cxd5 25. exd5 e4 26. Nc3 Ne5 27. Ncxe4 Bg6 28. c6 Qc7
29. Rc1 f5 30. Qd4 Qe7 31. c7 fxe4 32. Rxf8+ Rxf8 33. c8=Q Qxd6 34. Qcc5 Qf6 35.
d6 Nd7 36. Qxf6 1-0

[Event "AUTO-OPEN-2215"]
[Site "http://www.queenalice.com/game.php?id=943644"]
[Date "2011.5.28"]
[Round "2"]
[White "zemorais"]
[Black "amarkin"]
[Result "0-1"]
[WhiteElo "1833"]
[BlackElo "2489"]

1. e4 c5 2. Nf3 d6 3. d4 cxd4 4. Nxd4 Nf6 5. Nc3 a6 6. Bg5 e6 7. Bc4 Qc7 8. Bb3
Be7 9. Qd2 h6 10. Bh4 Nxe4 11. Nxe4 Bxh4 12. g3 Be7 13. O-O-O d5 14. Nc3 O-O 15.
Kb1 Nc6 16. Nde2 Rd8 17. f4 d4 18. Ne4 b5 19. Qd3 Nb4 20. Qf3 a5 21. a3 a4 22.
Ba2 Qxc2+ 23. Ka1 Nxa2 24. Kxa2 Bb7 25. Rc1 Bd5+ 26. Ka1 Bxe4 27. Qf1 Qb3 28.
Rg1 Bd5 29. Kb1 Bxa3 30. Rc2 d3 31. Nd4 dxc2+ 32. Nxc2 Qxb2# 0-1

[Event "AUTO-OPEN-2215"]
[Site "http://www.queenalice.com/game.php?id=943645"]
[Date "2011.5.28"]
[Round "2"]
[White "amarkin"]
[Black "zemorais"]
[Result "1-0"]
[WhiteElo "2488"]
[BlackElo "1835"]

1. e4 e5 2. Nf3 Nc6 3. Bb5 a6 4. Ba4 b5 5. Bb3 d6 6. a4 Bb7 7. axb5 axb5 8. Rxa8
Qxa8 9. Nc3 Nd4 10. Nxd4 exd4 11. Nxb5 Bxe4 12. Nxc7+ Kd7 13. Nxa8 Bxa8 14. Qg4+
Kc7 15. O-O Nf6 16. Qxd4 d5 17. d3 Bd6 18. Bf4 Bxf4 19. Qxf4+ Kc6 20. Ra1 Bb7
21. Ba4+ Kb6 22. Qd6+ Ka7 23. Qc7 Ka8 24. Bc6# 1-0

[Event "AUTO-OPEN-2215"]
[Site "http://www.queenalice.com/game.php?id=943646"]
[Date "2011.5.28"]
[Round "2"]
[White "zemorais"]
[Black "Nico27"]
[Result "0-1"]
[WhiteElo "1790"]
[BlackElo "2119"]

1. e4 c5 2. Nf3 d6 3. d4 cxd4 4. Nxd4 Nf6 5. Nc3 a6 6. Bg5 e6 7. Qd2 Be7 8.
O-O-O O-O 9. f4 Qc7 10. e5 dxe5 11. fxe5 Qxe5 12. Nf3 Qc7 13. Kb1 Nc6 14. Bd3 b5
15. Bf4 e5 16. Bg3 Bg4 17. h3 Be6 18. Rhe1 Bd6 19. Ne4 Nxe4 20. Bxe4 Rfd8 21.
Qg5 Be7 22. Qe3 f6 23. Rxd8+ Rxd8 24. b3 Nb4 25. Rc1 Qa5 26. a4 bxa4 27. bxa4
Qxa4 0-1

[Event "AUTO-OPEN-2215"]
[Site "http://www.queenalice.com/game.php?id=943647"]
[Date "2011.5.28"]
[Round "2"]
[White "Nico27"]
[Black "zemorais"]
[Result "1-0"]
[WhiteElo "2117"]
[BlackElo "1793"]

1. e4 e5 2. Nf3 Nc6 3. Bc4 h6 4. O-O Nf6 5. d4 Nxe4 6. dxe5 d6 7. Bxf7+ Kxf7 8.
Qd5+ Be6 9. Qxe4 dxe5 10. Nxe5+ Nxe5 11. Qxe5 Bd6 12. Qh5+ g6 13. Qf3+ Bf5 14.
Nc3 Kg7 15. Be3 Qh4 16. g3 Qb4 17. a3 Qxb2 18. Bd4+ Kh7 19. Bxh8 Rxh8 20. Ra2
Qb6 21. Rb1 Qd4 22. Rxb7 Be5 23. Nb5 Qc5 24. Nxa7 Rf8 25. Qe2 Qd5 26. Rb5 Qxa2
27. Rxe5 Bh3 28. Re7+ Kg8 29. Qd1 Qxa3 30. Qd5+ Kh8 31. Qe5+ Kg8 32. Qg7# 1-0

[Event "QA-ANNIV-07"]
[Site "http://www.queenalice.com/game.php?id=950652"]
[Date "2011.6.16"]
[Round "1"]
[White "zemorais"]
[Black "Jac"]
[Result "1-0"]
[WhiteElo "1800"]
[BlackElo "1908"]

1. e4 e5 2. Nf3 Nc6 3. Bb5 Nge7 4. O-O a6 5. Be2 g6 6. d4 Bg7 7. d5 Nd4 8. Nxd4
exd4 9. Nd2 O-O 10. Nf3 d6 11. Nxd4 c5 12. Nf3 b5 13. Ng5 c4 14. c3 a5 15. b3
Bxc3 16. Rb1 1-0

[Event "Betim_Xadrez"]
[Site "http://www.queenalice.com/game.php?id=950838"]
[Date "2011.6.16"]
[Round "4"]
[White "zemorais"]
[Black "rocrico"]
[Result "1-0"]
[WhiteElo "1787"]
[BlackElo "1549"]

1. e4 e6 2. e5 Nc6 3. d4 d5 4. Bb5 Bd7 5. Nf3 a6 6. Bd3 h6 7. O-O Nge7 8. c3 Nf5
9. Nbd2 Be7 10. Nb3 O-O 11. Nc5 Bc8 12. Qc2 Na5 13. b4 Nc6 14. a4 b6 15. Nb3 Bb7
16. Bxf5 exf5 17. Qxf5 g6 18. Qh3 h5 19. Nbd2 a5 20. b5 Nb8 21. g3 Bc8 22. Qg2
Bg4 23. h3 Bf5 24. Ba3 c5 25. dxc5 bxc5 26. c4 d4 27. Nh4 Bd3 28. Qxa8 Qc7 29.
Rfe1 Nd7 30. Qd5 Nb6 31. Qc6 Bd8 32. Bxc5 Nd7 33. Bxf8 Kxf8 34. Nhf3 Nb8 35.
Qd6+ Kg7 36. Nxd4 Nd7 37. Re3 Bf5 38. Nxf5+ gxf5 39. Qxc7 Bxc7 40. Nf3 Bb6 41.
Rd3 Nc5 42. Rd6 Bc7 43. Rc6 1-0

[Event "QA-ANNIV-06"]
[Site "http://www.queenalice.com/game.php?id=966934"]
[Date "2011.7.31"]
[Round "5"]
[White "zemorais"]
[Black "Fariajj"]
[Result "1-0"]
[WhiteElo "1793"]
[BlackElo "1984"]

1. e4 c5 2. Nf3 d6 3. d4 cxd4 4. Nxd4 Nf6 5. Nc3 e6 6. Bg5 Be7 7. Bxf6 Bxf6 8.
Bb5+ Bd7 9. Bxd7+ Nxd7 10. Ndb5 O-O 11. Nxd6 Qa5 12. Nxb7 Bxc3+ 13. bxc3 Qxc3+
14. Kf1 Nc5 15. Nxc5 Qxc5 16. g3 Qc3 17. Kg2 Rad8 18. Qc1 Qd4 19. Qf4 e5 20. Qf3
Rc8 21. Rad1 Qb2 22. Rc1 Rxc2 23. Rxc2 Qxc2 24. a3 Rd8 25. Rf1 Rd3 26. Qf5 Qc3
27. a4 Rf3 28. Qxf3 1-0

[Event "Betim_Xadrez"]
[Site "http://www.queenalice.com/game.php?id=986265"]
[Date "2011.9.17"]
[Round "5"]
[White "Mr_SPOCK"]
[Black "zemorais"]
[Result "0-1"]
[WhiteElo "1501"]
[BlackElo "1815"]

1. e4 c5 2. e5 e6 3. Nf3 d5 4. exd6 Bxd6 5. Bb5+ Nc6 6. d4 a6 7. Ba4 b5 8. O-O
bxa4 9. dxc5 Be7 10. Be3 Bd7 11. Nc3 Nf6 12. Nxa4 Nd5 13. c4 Nxe3 14. Qd3 Nxf1
15. Nb6 Ra7 16. Kxf1 Bxc5 17. Nd5 exd5 18. Re1+ Be7 19. cxd5 Nb4 20. Qc3 Bb5+
21. Kg1 Nxd5 22. Qxg7 Rf8 23. Qxh7 Nf6 24. Qg7 Rg8 25. Qxf6 Kf8 26. Qh6+ Ke8 27.
h4 Rd7 28. Re5 Rd6 29. Qh5 Bc6 30. Ng5 Rdg6 31. g3 Qd6 32. f4 Qd4+ 33. Kh2 Qf2+
34. Kh3 Qg2+ 35. Kg4 Bf3+ 36. Kf5 Rf6# 0-1